Jana Želibská - prvá dáma akcie a ko[n]ceptuálu na Slovensku

Bibliographic Details
Main Author: Vrbanová, Alena, 1960- (Author)
Format: Article
Language:Slovak
ISSN:0231-6714
Subjects:

MARC

LEADER 00000nab a2200000 a 4500
001 vtls000705486
003 SK-MaSNL
005 20260302182114.0
008 131120c1999 xo 0 slo
015 |a SNBRB1999/10-24949 
035 |a CLN000057653 
040 |a SNKBUCL  |b slo  |c SNKBUCL  |e AACR2 
041 0 |a slo 
044 |a xo  |c SK 
080 |a 73/76.071.1  |2 1997 
100 1 |a Vrbanová, Alena,  |d 1960-  |4 aut  |9 92785 
245 1 0 |a Jana Želibská - prvá dáma akcie a ko[n]ceptuálu na Slovensku  |c Alena Vrbanová 
504 |a Biogr. údaje 
600 1 7 |a Želibská, Jana,  |d 1941-  |2 snkbucl  |9 107391 
655 7 |9 články z novín a časopisov  |2 snkbucl 
773 0 |t Romboid  |g Roč. 34, č. 5 (1999), s. 58-60  |x 0231-6714 
850 |a Slovenská národná knižnica v Martine 
852 |a SNK  |b KIS3GCP 
958 |a SK 
992 |a RBX 
999 |c 1417021  |d 1418951